Nazwiska o formantach z komponentem -k- w rzymskokatolickiej parafii jabłonkowskiej u schyłku XVII w.
| Titel: | Nazwiska o formantach z komponentem -k- w rzymskokatolickiej parafii jabłonkowskiej u schyłku XVII w. |
|---|---|
| Verfasser: | |
| In: |
Wrocławskie Towarzystwo Naukowe. Komisja Językowa: Rozprawy Komisji Językowej, Band 24 (1998), Seite 5-30 alle Artikel anzeigen |
| Veröffentlicht: | 1998 |
| Format: | Aufsatz |
| Sprache: | Polnisch |
X
alg: 39469603
001A $01999:12-11-16
001B $01999:30-05-21 $t14:39:32.000
001C $06050:19-11-16 $t08:50:35.000
001D $01999:12-11-16
001U $0utf8
001X $00
002@ $0Aox
003@ $0394696034
007A $0394696034 $aHEB
007T $0Herdww036896
010@ $apol
011@ $a1998
021A $aNazwiska o formantach z komponentem -k- w rzymskokatolickiej parafii jabłonkowskiej u schyłku XVII w.
027A $aNachnamen mit k-Affixen der römisch-katholischen Gemeinde Jablunkau am Ende des 17. Jahrhunderts
028A $aLipowski $dJarosław
031A $d24 $h5-30 $j1998
039B $aIn $8--Abvc--Wrocławskie Towarzystwo Naukowe$bKomisja Językowa [Tb1]. Rozprawy Komisji Językowej. - Wrocław {[u.a.] : Państw. Wydawn. Naukowe, 1959-2015. - ISSN 0084-2990 $x199800000240000995 $9047286199
045F $a307.094371 $eDDC23BSB
045F/01 $a307.09
045F/03 $g4371
045F/03 $g4385
045T $a7,11 $a7,39
045T $aLING $qDE-30 $2FID
046C $aNachnamen mit k-Affixen der römisch-katholischen Gemeinde Jablunkau am Ende des 17. Jahrhunderts $bÜbers. des Hauptsacht.
lok: 39469603 78
exp: 39469603 78 1 #EPN
201B/01 $023-06-21 $t23:10:18.000
201U/01 $0utf8
203@/01 $0790806533
208@/01 $a12-11-16 $be
209A/01 $a/ $f000 $x00
220C/01 $aTitelaufnehmer: KS
220C/01 $aHerkunft: IH UWr
244Z/01 $2Trx $#Silesia $#Śląsk $#Sliezsko $#Slezsko $8--Trx--Schlesien $x01 $9391173987
244Z/01 $#Tschechien $#Tschechische Republik $#Tschechische Republik $#Tschechenland $#Tschechei Tschechien $#Česká Republika $#Czech Republic $#ČR $74303381-7 $8--Tg1--Tschechien $x02 $9086659812
244Z/01 $2Trx $#Böhmen $#Bohemia $#Czechy $8--Trx--Čechy $x03 $9391188941
244Z/01 $#Jablunkovsko $#Jabłonków, region $#Jablunkau, Region $74551829-4 $8--Tg1--Jablunkov$zRegion $x04 $9089489829
244Z/01 $aGeschichte 1650-1700 $x05
244Z/01 $2Trx $#nimeteadus isikud $#onomastika asmenvardžiai $#onomatology personal names $#névtan személyek $#onomastyka, osoby $#onomastika osoby $#onomastika jména osob $#Anthroponomastik $#antroponomastyka $#antroponomastika $8--Trx--Namenkunde$gPersonen $x06 $9391382993
244Z/01 $2Trx $8--Trx--Zeitschriftenaufsatz $x07 $9391384341
245Z/01 $a13.02 $x01
245Z/01 $a11.07 $x02
247C/01 $82080>Marburg/Lahn, Herder-Institut, Forschungsbibliothek, Bibliographieportal $9336309341
| LEADER | 00000caa a22000002c 4500 | ||
|---|---|---|---|
| 001 | 394696034 | ||
| 003 | DE-603 | ||
| 005 | 20210530143932.0 | ||
| 007 | tu | ||
| 008 | 161112s1998 xx |||| | u00||u|pol c | ||
| 035 | |a (DE-599)HEB394696034 | ||
| 040 | |a DE-603 |b ger |c DE-603 |d DE-603 | ||
| 041 | |a pol | ||
| 082 | 0 | 4 | |8 1\u |a 307.094371 |q DE-101 |2 23/BSB |
| 084 | |a 7,11 |a 7,39 |2 ssgn | ||
| 084 | |a LING |q DE-30 |2 fid | ||
| 085 | |8 1\u |b 307.09 | ||
| 085 | |8 1\u |z 2 |s 4371 | ||
| 085 | |8 1\u |z 2 |s 4385 | ||
| 100 | 1 | |a Lipowski, Jarosław | |
| 245 | 0 | 0 | |a Nazwiska o formantach z komponentem -k- w rzymskokatolickiej parafii jabłonkowskiej u schyłku XVII w. |
| 246 | 1 | |i Übers. des Hauptsacht. |a Nachnamen mit k-Affixen der römisch-katholischen Gemeinde Jablunkau am Ende des 17. Jahrhunderts | |
| 246 | 1 | 3 | |a Nachnamen mit k-Affixen der römisch-katholischen Gemeinde Jablunkau am Ende des 17. Jahrhunderts |
| 264 | 0 | |c 1998 | |
| 773 | 0 | 8 | |i In |a Wrocławskie Towarzystwo Naukowe. Komisja Językowa |t Rozprawy Komisji Językowej |d Wrocław [u.a.] : Państw. Wydawn. Naukowe, 1959-2015 |x 0084-2990 |g Band 24 (1998), Seite 5-30 |w (DE-603)047286199 |w (DE-600)205639-2 |
| 924 | 0 | |9 2080 |a (DE-603)790806533 |b DE-2080 |c HES |d d |g / | |


